| Tag |
First Indicator |
Second Indicator |
Subfields |
| LEADER |
00000cam a2200000 a 4500 |
| 001 |
in00001402745 |
| 005 |
20151020052146.0 |
| 008 |
970724s1996 xxu f f000 0 eng d |
| 010 |
|
|
|a gp 97066116
|
| 029 |
0 |
|
|a NLM
|b 9709175
|
| 035 |
|
|
|a (OCoLC)37362269
|
| 035 |
|
|
|9 AHM2856AM
|
| 040 |
|
|
|d GPO
|d DLC
|d MvI
|d UtOrBLW
|
| 043 |
|
|
|a n-us---
|
| 060 |
0 |
0 |
|a 1997 F-014
|
| 060 |
1 |
0 |
|a QW 39
|b M489 1996
|
| 074 |
|
|
|a 0351-C
|
| 086 |
0 |
|
|a D 104.6/2:M 46/4/996-2
|
| 245 |
0 |
0 |
|a Medical management of biological casualities :
|b handbook.
|
| 250 |
|
|
|a 2nd ed.
|
| 264 |
|
1 |
|a Fort Detrick, Frederick, Md. :
|b U.S. Army Medical Research Institute of Infectious Diseases,
|c [1996]
|
| 300 |
|
|
|a 131 pages, 16 unnumbered pages, 4 unnumbered folded leaves ;
|c 16 cm.
|
| 336 |
|
|
|a text
|b txt
|2 rdacontent
|
| 337 |
|
|
|a unmediated
|b n
|2 rdamedia
|
| 338 |
|
|
|a volume
|b nc
|2 rdacarrier
|
| 500 |
|
|
|a Shipping list number: 97-0213-P.
|
| 500 |
|
|
|a "August 1996."
|
| 610 |
2 |
0 |
|a U.S. Army Medical Research Institute of Infectious Diseases
|x Handbooks, manuals, etc.
|
| 650 |
|
0 |
|a Medicine, Military
|z United States
|x Handbooks, manuals, etc.
|
| 650 |
|
0 |
|a Biological warfare
|z United States
|x Handbooks, manuals, etc.
|
| 650 |
1 |
2 |
|a Biological Warfare
|x prevention & control
|x handbooks.
|
| 650 |
2 |
2 |
|a Communicable Disease Control
|x handbooks.
|
| 710 |
2 |
|
|a U.S. Army Medical Research Institute of Infectious Diseases.
|
| 999 |
|
|
|a MARS
|
| 999 |
f |
f |
|s 5e0e3d49-a50e-3627-885d-306cca283b89
|i a65c5284-b5cd-3333-bfbc-46cb4d0fa084
|t 0
|
| 952 |
f |
f |
|p normal
|a Texas A&M University
|b College Station
|c Sterling C. Evans Library
|d Evans: US Documents (Annex 5th floor)
|t 0
|e D 104.6/2:M 46/4/996-2
|h Superintendent of Documents classification
|i unmediated -- volume
|m A14820875294
|
| 998 |
f |
f |
|a D 104.6/2:M 46/4/996-2
|t 0
|l Evans: US Documents (Annex 5th floor)
|